|
|
|
|
| LEADER |
00000nam0a2200000 4500 |
| 001 |
178553 |
| 005 |
20231031165928.0 |
| 010 |
|
|
|a 9785939727525
|
| 035 |
|
|
|a (RuTPU)RU\TPU\book\193560
|
| 090 |
|
|
|a 178553
|
| 100 |
|
|
|a 20100407d2009 km y0rusy50 ca
|
| 101 |
0 |
|
|a rus
|
| 102 |
|
|
|a RU
|
| 105 |
|
|
|a a z 001zy
|
| 200 |
1 |
|
|a Магнитная гидродинамика. Современное видение проблем
|f И. М. Кирко, Г. Е. Кирко
|
| 210 |
|
|
|a Москва
|c Институт компьютерных исследований
|a Ижевск
|c Регулярная и хаотическая динамика
|d 2009
|
| 215 |
|
|
|a 632 с.
|c ил.
|
| 320 |
|
|
|a Библиогр. в примеч.
|
| 330 |
|
|
|a В настоящей книге авторы попытались расширить традиционные границы применимости магнитной гидродинамики, показать новые направления ее развития. Особое внимание уделено таким проблемам, как МГД в реакторах на быстрых нейтронах, МГД при производстве алюминия в современных электролизерах, а также вопросам, связанным с созданием озонаторов с турбулентным потоком рабочей среды. В некоторой степени данную книгу можно рассматривать как программу исследовательских работ. Ее цель - заинтересовать этой областью науки возможно большее число опытных ученых и молодых исследователей. Издание может оказаться полезным также для аспирантов, инженеров, научных работников и преподавателей, встретившихся с вопросами магнитной гидродинамики в своей научно-исследовательской, практической и педагогической работе.
|
| 606 |
1 |
|
|a Магнитогидродинамика
|2 stltpush
|3 (RuTPU)RU\TPU\subj\69442
|
| 610 |
1 |
|
|a жидкие среды
|
| 610 |
1 |
|
|a магнитогидродинамические течения
|
| 610 |
1 |
|
|a обтекание тел
|
| 610 |
1 |
|
|a турбулентность
|
| 610 |
1 |
|
|a магнитное поле
|
| 610 |
1 |
|
|a жидкие металлы
|
| 610 |
1 |
|
|a магнитные числа Рейнольдса
|
| 610 |
1 |
|
|a технические приложения
|
| 610 |
1 |
|
|a генерация
|
| 610 |
1 |
|
|a самовозбуждение
|
| 610 |
1 |
|
|a проводящие среды
|
| 610 |
1 |
|
|a реакторы
|
| 610 |
1 |
|
|a МГД-явления
|
| 610 |
1 |
|
|a алюминиевый электролизер
|
| 610 |
1 |
|
|a плазма
|
| 610 |
1 |
|
|a газовый разряд
|
| 610 |
1 |
|
|a озонаторы
|
| 610 |
1 |
|
|a физические принципы
|
| 610 |
1 |
|
|a энергия
|
| 610 |
1 |
|
|a магнитостабилизированные гетерогенные среды
|
| 610 |
1 |
|
|a магнитная гидродинамика
|
| 675 |
|
|
|a 532.5
|v 3
|
| 700 |
|
1 |
|a Кирко
|b И. М.
|g Игорь Михайлович
|
| 701 |
|
1 |
|a Кирко
|b Г. Е.
|g Галина Евгеньевна
|
| 801 |
|
1 |
|a RU
|b 63413507
|c 20100407
|
| 801 |
|
2 |
|a RU
|b 63413507
|c 20110425
|g RCR
|
| 942 |
|
|
|c BK
|